Maraz-I-gunah-oo`alaj-i-au (Record no. 5852)

MARC details
000 -LEADER
fixed length control field 00534nam a2200229 a 4500
020 ## - INTERNATIONAL STANDARD BOOK NUMBER
ISBN
082 00 - DEWEY DECIMAL CLASSIFICATION NUMBER
Classification number 241.31
Author Cutter LEV
100 ## - MAIN ENTRY--AUTHOR NAME
Author name Levonian, Lotfi
245 ## - TITLE STATEMENT
Title Maraz-I-gunah-oo`alaj-i-au
260 ## - PUBLICATION, DISTRIBUTION, ETC. (IMPRINT)
Place of publication Tehran
Name of publisher Matba Brokheem
Year of publication 0000
300 ## - PHYSICAL DESCRIPTION
Number of Pages 12p
500 ## - GENERAL NOTE
General note includes index and biblioraphy
650 ## - SUBJECT ADDED ENTRY--TOPICAL TERM
Topical Term Sin
942 ## - ADDED ENTRY ELEMENTS (KOHA)
Koha item type Books
700 1# -
-- Levonian, Lotfi
Holdings
Collection code Home library Current library Date acquired Cost, normal purchase price Full call number Accession Number Koha item type
  Henry Martyn Institute Library Henry Martyn Institute Library 07/13/2007 100.00 241.31 LEV 05030 Books
                   Copyright © 2026 | Henry Martyn Institute | Hyderabad | TS-500052 | INDIA | Implemented by hmi.edu.in
Hit-Count:

Powered by Koha